|
|
|
|
| LEADER |
00000nam0a2200000 4500 |
| 001 |
358405 |
| 005 |
20231102011105.0 |
| 035 |
|
|
|a (RuTPU)RU\TPU\retro\15673
|
| 090 |
|
|
|a 358405
|
| 100 |
|
|
|a 20200817d1978 m y0rusy50 ca
|
| 101 |
0 |
|
|a rus
|
| 102 |
|
|
|a RU
|
| 105 |
|
|
|a a j 001zy
|
| 200 |
1 |
|
|a Электромонтажник по распределительным устройствам промышленных предприятий
|e учебник для среднего профессионально-технического образования
|f М. С. Живов, Б. А. Делибаш
|
| 205 |
|
|
|a 3-е изд., перераб. и доп.
|
| 210 |
|
|
|a Москва
|c Высшая школа
|d 1978
|
| 215 |
|
|
|a 208 с.
|c ил.
|
| 225 |
1 |
|
|a Профтехобразование. Энергетика
|
| 320 |
|
|
|a Библиогр.: с. 203
|
| 606 |
1 |
|
|a Электрические распределительные устройства
|x Монтаж
|2 stltpush
|3 (RuTPU)RU\TPU\subj\27388
|9 51152
|
| 610 |
1 |
|
|a учебники
|
| 610 |
1 |
|
|a электроустановки
|
| 610 |
1 |
|
|a электроэнергия
|
| 610 |
1 |
|
|a электрические станции
|
| 610 |
1 |
|
|a электрические подстанции
|
| 610 |
1 |
|
|a инструменты
|
| 610 |
1 |
|
|a приспособления
|
| 610 |
1 |
|
|a силовые трансформаторы
|
| 610 |
1 |
|
|a отключающие устройства
|
| 610 |
1 |
|
|a токоограничение
|
| 610 |
1 |
|
|a грозозащитные аппараты
|
| 610 |
1 |
|
|a измерительные трансформаторы
|
| 610 |
1 |
|
|a электрические сети
|
| 675 |
|
|
|a 621.316.37(075.3)
|v 4
|
| 700 |
|
1 |
|a Живов
|b М. С.
|g Михаил Семенович
|
| 701 |
|
1 |
|a Делибаш
|b Б. А.
|g Борис Апостолович
|
| 801 |
|
1 |
|a RU
|b 63413507
|c 20200817
|
| 801 |
|
2 |
|a RU
|b 63413507
|c 20210309
|g RCR
|
| 942 |
|
|
|c BK
|